| 000 | 00377pab a2200121 454500 | ||
|---|---|---|---|
| 008 | 180718b xxu||||| |||| 00| 0 eng d | ||
| 100 | _aSalam Md. Abdus | ||
| 245 | _aIndia's balance of payments: an analysis of nature and determinants | ||
| 362 | _a74(2 1994), Jan 1994, p.271-78 | ||
| 650 | _aBalance Of Payments -- India | ||
| 773 | _aIndian Journal of Economics | ||
| 909 | _a27133 | ||
| 999 |
_c27133 _d27133 |
||